00378nam a2200133Ia 4500003000400000008004100004040001600045082002000061100001900081245006500100260004500165300001000210650002400220GCL140319s9999 xx 000 0 eng d aGCL / cGCL04a941.084092bN N1 aNEVILLE, PETER10aNEVILLE CHAMBERLAIN: A STUDY IN FAILURE ? / cNEVILLE, PETER a[S.N] : bHODDER AND STOUGHTON ، c1992 a124 P04aCHAMBERLAIN, NEVILL